=LDR 00000nam 2200000 4500 =001 INLIS000000000051226 =005 20170904020059 =035 ##$$a 0010-0917000030 =007 ta =008 170904###########################0###### =020 ##$$a 978-602-1129-82-1 =082 ##$$a 787.6 =084 ##$$a 787.6 DAN t =100 #$$a Danar Gayuh Utama =245 1#$$a Trik A-Z Menguasai Gitar The Best Instruction Book Ever! /$c Danar Gayuh Utama =260 ##$$a Yogyakarta :$b Indoliterasi,$c 2015 =300 ##$$a vi, 183 hlm : $b ilus. ; $c 28 cm =650 ##$$a Gitar =700 #$$a Mardian Bagus Prakosa =990 ##$$a 1020510205 =990 ##$$a 1020510205 =990 ##$$a 1020510205 =990 ##$$a 1020510205 =990 ##$$a 1020510205 =990 ##$$a 21704481 =990 ##$$a 01201710205 =990 ##$$a 01201710206 =990 ##$$a 01201710207 =990 ##$$a 01201710208 =990 ##$$a 21704482 =990 ##$$a 01201710205 =990 ##$$a 01201710206 =990 ##$$a 01201710207 =990 ##$$a 21704481 =990 ##$$a 21704483 =990 ##$$a 01201710205 =990 ##$$a 01201710206 =990 ##$$a 21704482 =990 ##$$a 21704481 =990 ##$$a 21704484 =990 ##$$a 01201710205 =990 ##$$a 21704483 =990 ##$$a 21704482 =990 ##$$a 21704481 =990 ##$$a 21704485 =990 ##$$a 21704484 =990 ##$$a 21704483 =990 ##$$a 21704482 =990 ##$$a 21704481